[Event "TCh-CZE Div1 Vychod 2012-13"]
[Site "Czech Republic CZE"]
[Date "2013.02.10"]
[Round "7.5"]
[White "Jurka,M"]
[Black "Obsivac,J"]
[Result "1/2-1/2"]
[WhiteElo "2309"]
[BlackElo "2281"]

1.Nf3 c5 2.c4 Nf6 3.Nc3 e6 4.g3 b6 5.Bg2 Bb7 6.O-O Be7 7.d4 cxd4 8.Qxd4 d6
9.Bg5 a6 10.Bxf6 Bxf6 11.Qf4 Qc7 12.Rfd1 Be7 13.Ng5 O-O 14.Bxb7 Qxb7 15.Nge4 b5
16.Nxd6 Bxd6 17.Rxd6 bxc4 18.Qxc4 Nd7 19.Qc6 Qxc6 20.Rxc6 Rfc8 21.Rxc8+ Rxc8
22.Rd1 Ne5 23.Kg2 Kf8 24.Rd4 Ke7 25.Rb4 Rc6 26.Rb7+ Kf6 27.h4 Kg6 28.Rb8 h5
29.Rb7 Rd6 30.Kf1 Rc6 31.Ke1 Nc4 32.Nd1 Nd6 33.Rb4 Nc4 34.Rb3 Nd6 35.Rc3 Rb6
36.b3 Ne4 37.Rc4 f5 38.Nb2 Nd6 39.Rc2 Nb5 40.Nc4 Rb7 41.Rd2 Kf6 42.Nd6 Rb6
43.Nxb5 axb5 44.a4 bxa4 45.bxa4 Ke5 46.a5 Ra6 47.Ra2 Kd5 48.Kd2 Kc4 49.Ke3 e5
50.f3 g6 51.Ra1 Kc5 52.Kd3 Rd6+ 53.Kc3 Ra6 54.Ra2 Kb5 55.f4 Rc6+ 56.Kd3 e4+
57.Kd4 Ka6 58.Ke3 Rc3+ 59.Kf2 Rc5 60.Rd2 Rc6 61.Rd5 Ka7 62.Rb5 Ka6 63.Rd5 Ka7
64.Ke1 Ka6 65.Kf2 Ka7 66.Ke3 Rc3+ 67.Kf2 Rc6 68.Ke3 Rc3+ 69.Kf2 Rc6 70.Ke3  1/2-1/2

[Event "Moscow Open B 2013"]
[Site "Moscow RUS"]
[Date "2013.02.10"]
[Round "9.3"]
[White "Manakova,M"]
[Black "Ovod,E"]
[Result "1-0"]
[WhiteElo "2347"]
[BlackElo "2361"]

1.c4 c5 2.Nf3 Nf6 3.Nc3 e6 4.g3 b6 5.Bg2 Bb7 6.O-O d6 7.a3 Nbd7 8.b4 Be7
9.Bb2 O-O 10.e3 Rc8 11.Qe2 Qc7 12.d3 d5 13.cxd5 exd5 14.Rfc1 Rfe8 15.Rab1 Bc6
16.bxc5 bxc5 17.d4 c4 18.Ne5 Bd6 19.f4 Nb6 20.g4 Nfd7 21.Qf3 Bxe5 22.fxe5 f6
23.a4 fxe5 24.a5 e4 25.Qf5 Na8 26.Nxd5 Qd6 27.Nf4 Nc7 28.Ra1 g6 29.Qg5 Ne6
30.Nxe6 Qxe6 31.Qh6 Bd5 32.Bh3 Rc7 33.g5 Qf7 34.Ba3 Qf3 35.Rc3 Be6 36.Bxe6+ Rxe6
37.Rf1 Qg4+ 38.Kh1 Re8 39.Rc2 Qh5 40.Rcf2 Qxh6 41.gxh6 c3 42.Rf7 c2 43.Rg7+ Kh8
44.d5 Rb7 45.Kg2 Reb8 46.Rff7 Nc5 47.Rc7 Rxc7 48.Rxc7 Nd3 49.d6 c1=Q 50.Bxc1 Nxc1
51.Rxc1 Rd8 52.d7 Kg8 53.Rc8  1-0

[Event "17th Lienz Open 2013"]
[Site "Lienz AUT"]
[Date "2013.02.11"]
[Round "4.25"]
[White "Thier,R"]
[Black "Usleber,H"]
[Result "0-1"]
[WhiteElo "1895"]
[BlackElo "2038"]

1.c4 Nf6 2.Nc3 c5 3.Nf3 g6 4.g3 Bg7 5.Bg2 O-O 6.O-O Nc6 7.d4 cxd4 8.Nxd4 Nxd4
9.Qxd4 d6 10.Rd1 Qa5 11.Nb5 Ng4 12.Qf4 Qb6 13.e3 Ne5 14.Rb1 Bg4 15.Rd2 h6
16.h4 Bf5 17.Ra1 Rac8 18.Na3 Nd3 19.Qf3 Nxc1 20.e4 Qb4 21.Qd1 Bxb2 22.Rb1 Qxa3
23.Rdxb2 Nxa2 24.Rb3 Qa5 25.exf5 Nc3 26.Qe1 Rxc4 27.Ra1 Ne2+ 28.Kf1 Qxe1+
29.Rxe1 Nd4 30.Rxb7 Nxf5 31.Bh3 e5 32.Bxf5 gxf5 33.Rd7 Rd4 34.Rxa7 f4 35.Kg2 fxg3
36.fxg3 e4 37.Rd7 d5 38.Rf1 Rd2+ 39.Kh3 e3 40.Kg4 e2 41.Re1 Re8  0-1

[Event "ch-CHI Final 2013"]
[Site "Iquique CHI"]
[Date "2013.02.14"]
[Round "1.5"]
[White "Hernandez Riera,J"]
[Black "Henriquez Villagra,C"]
[Result "1/2-1/2"]
[WhiteElo "2223"]
[BlackElo "2306"]

1.Nf3 c5 2.c4 Nf6 3.Nc3 b6 4.g3 Bb7 5.Bg2 e6 6.O-O Be7 7.d4 cxd4 8.Qxd4 Nc6
9.Qd2 O-O 10.b3 Qb8 11.Bb2 Rd8 12.e4 d6 13.Rfd1 a6 14.h3 Ra7 15.Qe3 Ba8 16.Bf1 h6
17.Rd2 Ne5 18.Rad1 Nxf3+ 19.Qxf3 Bc6 20.Qe3 Rad7 21.Bg2 Rc8 22.Ba3 Bf8 23.g4 b5
24.cxb5 axb5 25.Bb4 Ne8 26.h4 Rcd8 27.g5 hxg5 28.hxg5 g6 29.Ne2 e5 30.Ba5 Rc8
31.Bh3 Ra7 32.Bxc8 Rxa5 33.Bh3 b4 34.Rc1 Qb7 35.Bg2 Nc7 36.Rdc2 Rc5 37.Rxc5 dxc5
38.Rxc5 Bxc5 39.Qxc5 Qb5 40.Qxb5 Bxb5 41.Nc1 Ne6 42.Bf1 Bc6 43.Nd3 Nxg5 44.Nxe5 Bxe4
45.Bd3 Kg7 46.Kf1 Kf6  1/2-1/2

[Event "Aeroflot Open Rapid KO"]
[Site "Moscow RUS"]
[Date "2013.02.15"]
[Round "1.1"]
[White "Shimanov,A"]
[Black "Ponkratov,P"]
[Result "1/2-1/2"]
[WhiteElo "2640"]
[BlackElo "2584"]

1.Nf3 Nf6 2.c4 e6 3.Nc3 c5 4.g3 b6 5.Bg2 Bb7 6.O-O Be7 7.Re1 Ne4 8.Nxe4 Bxe4
9.d4 O-O 10.d5 exd5 11.cxd5 d6 12.Nh4 Bxg2 13.Nxg2 Nd7 14.a4 a6 15.Bd2 b5
16.Qc2 Bf6 17.Bc3 Re8 18.Rad1 Nb6 19.axb5 axb5 20.Nf4 Na4 21.Rb1 Nxc3 22.bxc3 Qa5
23.Rec1 g6 24.Rb3 Qa4 25.e3 Reb8 26.Rcb1 b4 27.cxb4 Rxb4 28.Qd1 Rab8 29.Rxb4 Qxd1+
30.Rxd1 cxb4 31.Rb1 b3 32.Kf1 b2 33.Ke2 Rb5 34.h4 h6 35.e4 Rb3 36.Nd3 Bd4
37.g4 g5 38.hxg5 hxg5 39.Kd2 Kg7 40.Kc2 Rc3+ 41.Kd2 Kf6 42.f3 Rb3 43.Kc2 Ra3
44.Kd2 Rc3 45.Rf1 Rc8 46.Rb1 Rb8 47.Kc2 Rc8+ 48.Kd2 Rh8 49.Nxb2 Rh2+ 50.Kc1 Rh1+
51.Kc2 Rh2+ 52.Kb3 Rf2 53.Nd3 Rxf3 54.Kc4 Be5 55.Re1 Bg3 56.Re2 Rf1 57.Rg2 Bf4
58.Rf2 Rg1 59.Nxf4 gxf4 60.Rxf4+ Ke7 61.Kd4 Re1 62.Rf3 Rg1 63.Rf4 Re1 64.Kd3 Rd1+
65.Ke2 Rd4 66.Ke3 Rd1 67.Rf2 Rg1 68.Kf3 Kf6 69.Kf4 Re1 70.Rf3 Rg1 71.Rf2 Re1
72.g5+ Kg6 73.Rf3 Rg1 74.Rh3 Rf1+ 75.Kg4 Rg1+ 76.Kf4 Rf1+ 77.Kg4 Rg1+ 78.Kf4 Rf1+
79.Ke3 Kxg5 80.Rh8 Kf6 81.Re8  1/2-1/2

[Event "ch-ROU 2013"]
[Site "Baile Olanesti ROU"]
[Date "2013.02.16"]
[Round "1.12"]
[White "Neagu,Mihai-Cosmin"]
[Black "Milu,R"]
[Result "0-1"]
[WhiteElo "1962"]
[BlackElo "2392"]

1.c4 c5 2.Nc3 e6 3.Nf3 Nf6 4.e3 Be7 5.Be2 O-O 6.O-O b6 7.b3 Bb7 8.Bb2 d5
9.d4 Nbd7 10.cxd5 exd5 11.Rc1 Rc8 12.Rc2 Bd6 13.dxc5 bxc5 14.Rd2 Bb8 15.Qa1 Re8
16.Rfd1 Qc7 17.Kf1 d4 18.exd4 Ng4 19.Ke1 Bxf3 20.gxf3 Qxh2 21.Rd3 Bf4  0-1

[Event "TCh-CZE Extraliga 2012-13"]
[Site "Czech Republic CZE"]
[Date "2013.02.16"]
[Round "5.1"]
[White "Miton,K"]
[Black "Ftacnik,L"]
[Result "1/2-1/2"]
[WhiteElo "2626"]
[BlackElo "2544"]

1.Nf3 Nf6 2.c4 c5 3.Nc3 e6 4.e3 d5 5.d4 a6 6.dxc5 Bxc5 7.a3 O-O 8.b4 Bd6
9.Bb2 dxc4 10.Bxc4 b5 11.Bd3 Bb7 12.O-O Qe7 13.Qb1 Bxf3 14.gxf3 Nbd7 15.Ne4 Nxe4
16.Bxe4 Bxh2+ 17.Kxh2 Qh4+  1/2-1/2

[Event "TCh-HUN 2012-13"]
[Site "Budapest HUN"]
[Date "2013.02.17"]
[Round "7"]
[White "Grunberg,M"]
[Black "Aczel,G"]
[Result "1-0"]
[WhiteElo "2413"]
[BlackElo "2431"]

1.Nf3 Nf6 2.c4 c5 3.Nc3 e6 4.g3 b6 5.Bg2 Bb7 6.O-O Be7 7.d4 cxd4 8.Qxd4 Nc6
9.Qf4 O-O 10.Rd1 Qb8 11.Qxb8 Raxb8 12.Bf4 Rbc8 13.Bd6 Bxd6 14.Rxd6 Ne7 15.b3 Nf5
16.Rd2 d5 17.Ne5 Ba8 18.Rad1 h5 19.Rd3 Ne7 20.cxd5 Nexd5 21.Nxd5 Nxd5 22.Nc4 b5
23.Bxd5 Bxd5 24.Nd6 Rc2 25.Nxb5 Rfc8 26.a4 Rb2 27.Nd4 g6 28.h4 a5 29.f4 Be4
30.R3d2 Rxd2 31.Rxd2 Rc1+ 32.Kf2 Rb1 33.Ke3 Bd5 34.Rd3 Rb2 35.Rc3 Rb1 36.Kd2 Rg1
37.Kc2 Kg7 38.Re3 Kf6 39.Kb2 Rd1 40.Nc2 Bc6 41.Re5 Rg1 42.Rxa5 Rxg3 43.b4 Rh3
44.b5 Bh1 45.b6 Rxh4 46.Ra7 Rxf4 47.a5 Rc4 48.a6 Rc6 49.Rb7 Rd6 50.Rb8 h4
51.a7 h3 52.Ne3 Kg5 53.Kc3 f5 54.Nc4 Rd1 55.Rh8 Rc1+ 56.Kd4 Rd1+ 57.Ke5 Rc1
58.Rxh3 Bd5 59.Ne3 Be4 60.Rh8 Rc5+ 61.Kd4 Rb5 62.Nc4 e5+ 63.Kc3 f4 64.Nd6  1-0

[Event "Iceland-China Friendly Match"]
[Site "Reykjavik ISL"]
[Date "2013.02.17"]
[Round "8.5"]
[White "Bu Xiangzhi"]
[Black "Ptacnikova,L"]
[Result "1-0"]
[WhiteElo "2675"]
[BlackElo "2269"]

1.Nf3 Nf6 2.c4 c5 3.Nc3 g6 4.e4 Nc6 5.d4 cxd4 6.Nxd4 Nxd4 7.Qxd4 Bg7 8.Bg5 O-O
9.Qd2 Qa5 10.Be2 d6 11.Rc1 Be6 12.f3 Rfc8 13.b3 a6 14.Na4 Qxd2+ 15.Kxd2 Rab8
16.Nb6 Rc7 17.Nd5 Bxd5 18.cxd5 Rbc8 19.Rxc7 Rxc7 20.Rc1 Rxc1 21.Kxc1 Kf8
22.Kc2 Ke8 23.b4 Nd7 24.Be3 Kd8 25.a4 Kc7 26.Kb3 Be5 27.f4 Bg7 28.a5 Bf6
29.g3 Bg7 30.g4 Bh6 31.h4 Bg7 32.g5 Ba1 33.h5 Bh8 34.Bg4 Ba1 35.h6 Bh8 36.Kc4 Ba1
37.Bd4 Bxd4 38.Kxd4 Nf8 39.e5 Kd8 40.e6 f5 41.Be2 Kc7 42.b5 axb5 43.Bxb5 Kb8
44.Kc4 Ka7 45.Kb4 Kb8 46.Be8 Kc7 47.Kb5 Kd8 48.Bf7 Kc7 49.Bg8 Kc8 50.Kb6 Kb8
51.Bf7 Kc8 52.Be8 Kb8 53.Bb5 Kc8 54.a6 bxa6 55.Bxa6+ Kd8 56.Kb7  1-0

[Event "e2e4 Brighton Masters 2013"]
[Site "Brighton ENG"]
[Date "2013.02.19"]
[Round "6"]
[White "Arkell,K"]
[Black "Haria,R"]
[Result "1-0"]
[WhiteElo "2472"]
[BlackElo "2053"]

1.Nf3 Nf6 2.c4 e6 3.Nc3 c5 4.g3 d5 5.cxd5 exd5 6.d4 Nc6 7.Bg2 Be7 8.O-O O-O
9.Bg5 cxd4 10.Nxd4 h6 11.Be3 Be6 12.Rc1 Ng4 13.Nxe6 fxe6 14.Bf4 Nf6 15.Qc2 e5
16.Bxh6 gxh6 17.Qg6+ Kh8 18.Nxd5 Nxd5 19.Qxh6+ Kg8 20.Qe6+ Kg7 21.Bxd5 Rf6
22.Qg4+ Rg6 23.Qe4 Qd6 24.Rfd1 Qf6 25.Bxc6 bxc6 26.Rd7 Rf8 27.f3 Rf7 28.Kg2 Qe6
29.Rxa7 Rf4 30.Qxc6 Qf7 31.Qb7  1-0

[Event "ch-ROU 2013"]
[Site "Baile Olanesti ROU"]
[Date "2013.02.23"]
[Round "10.9"]
[White "Dobre,ClC"]
[Black "Petrisor,A"]
[Result "1-0"]
[WhiteElo "2292"]
[BlackElo "2392"]

1.c4 Nf6 2.Nc3 e6 3.Nf3 c5 4.g3 b6 5.Bg2 Bb7 6.O-O Be7 7.d4 cxd4 8.Nxd4 Bxg2
9.Kxg2 Qc8 10.Qd3 O-O 11.b3 Rd8 12.e4 d6 13.Bb2 Nbd7 14.f4 Qb7 15.Qf3 Rac8
16.Rad1 a6 17.h3 g6 18.Rfe1 e5 19.Nc2 Re8 20.Ne3 b5 21.cxb5 axb5 22.Ncd5 Nxd5
23.Nxd5 Bd8 24.Re2 exf4 25.gxf4 Rc6 26.Qd3 f6 27.Kh2 Nc5 28.Qd4 Qf7 29.Nb4 Rc8
30.Nd5 Re6 31.Rc1 Ra8 32.b4 Na4 33.Ba1 Rb8 34.Qd3 Qe8 35.f5 gxf5 36.Rg2+ Kf7
37.exf5 Re5 38.Rcg1 Qc6 39.Bxe5  1-0

[Event "29th Open"]
[Site "Cappelle la Grande FRA"]
[Date "2013.02.23"]
[Round "1.90"]
[White "Solomon,K"]
[Black "Mevel,A"]
[Result "1/2-1/2"]
[WhiteElo "2423"]
[BlackElo "2224"]

1.Nf3 Nf6 2.c4 c5 3.Nc3 g6 4.g3 Bg7 5.d3 d5 6.cxd5 Nxd5 7.Bd2 Nc6 8.Bg2 O-O
9.O-O Nc7 10.Rc1 b6 11.Qa4 Bb7 12.a3 Nd4 13.Nxd4 Bxg2 14.Nc6 Bxc6 15.Qxc6 Ne6
16.Be3 Nd4 17.Bxd4 Qxd4 18.Rc2 Rfd8 19.Qf3 Rac8 20.b3 Qd7 21.Rfc1 Bh6 22.Rb1 Rc6
23.h4 Rf6 24.Qg2 Re6 25.Qf3 Rf6 26.Qg2 Re6 27.Ne4 Rc6 28.Rc4 Rdc8 29.a4 a6
30.Rc2 b5 31.axb5 axb5 32.Kh2 Qf5 33.f4 e5 34.e3 exf4 35.gxf4 Rd8 36.Nf2 Re6
37.Ng4 Bg7  1/2-1/2

[Event "29th Open"]
[Site "Cappelle la Grande FRA"]
[Date "2013.02.23"]
[Round "1.19"]
[White "Kojima,S"]
[Black "Danin,A"]
[Result "0-1"]
[WhiteElo "2368"]
[BlackElo "2578"]

1.Nf3 Nf6 2.c4 c5 3.Nc3 d5 4.cxd5 Nxd5 5.e4 Nb4 6.Bc4 Nd3+ 7.Ke2 Nf4+ 8.Kf1 Ne6
9.b4 g6 10.bxc5 Bg7 11.Bxe6 Bxe6 12.d4 Nc6 13.Be3 Qa5 14.Ne2 O-O-O 15.d5 Bxa1
16.Qxa1 Qa4 17.Ne1 Qxe4 18.dxe6 f6 19.Nf3 Qxe6 20.h3 Qc4 21.Nd2 Qa6 22.f3 Rd3
23.Kf2 Rhd8 24.Nb3 Nb4 25.c6 Rxe3 26.cxb7+ Kb8  0-1

[Event "29th Open"]
[Site "Cappelle la Grande FRA"]
[Date "2013.02.24"]
[Round "2.69"]
[White "Zubarev,Al1"]
[Black "Callet,E"]
[Result "1-0"]
[WhiteElo "2591"]
[BlackElo "2186"]

1.Nf3 c5 2.c4 Nf6 3.Nc3 g6 4.d4 cxd4 5.Nxd4 Bg7 6.e4 O-O 7.Be2 Nc6 8.Be3 d6
9.O-O Bd7 10.Qd2 Nxd4 11.Bxd4 Bc6 12.f3 a5 13.b3 Nd7 14.Be3 Qb8 15.Rab1 Nc5
16.Rfc1 Kh8 17.Rc2 e5 18.Rd1 Rd8 19.Qe1 Ne6 20.Rcd2 Nd4 21.Bf1 f5 22.Bd3 fxe4
23.Bxe4 Rd7 24.Ne2 Nf5 25.Bf2 Qf8 26.Rd3 Nh6 27.Nc3 Rad8 28.Bd5 Nf5 29.Ne4 Ra8
30.Ng5 Qf6 31.Ne4 Qe7 32.c5 dxc5 33.Bxc6 Rxd3 34.Rxd3 bxc6 35.Nxc5 Qf6 36.Ne4 Qf7
37.Qd2 Nd4 38.Nd6 Qd5 39.Nc4 Rd8 40.Bxd4 exd4 41.Qxa5 c5 42.Qe1 Qa8 43.a4 Re8
44.Qd1 Re6 45.Nd2 Qd5 46.Ne4 c4 47.bxc4 Qxc4 48.Qb3 Rc6 49.h4 h6 50.a5 Qc1+
51.Rd1 Qf4 52.g3 Qc7 53.Qb5 Rc2 54.h5 gxh5 55.Qe8+ Kh7 56.Qxh5 Qd8 57.Qf5+ Kh8
58.Nf6 Bxf6 59.Qxc2 Qxa5 60.Qg6 Bg7 61.Rc1  1-0

[Event "ch-LTU SF 2013"]
[Site "Vilnius LTU"]
[Date "2013.02.24"]
[Round "3.1"]
[White "Armonaitis,S"]
[Black "Laurusas,T"]
[Result "1/2-1/2"]
[WhiteElo "2112"]
[BlackElo "2377"]

1.c4 Nf6 2.Nc3 c5 3.Nf3 e6 4.d4 cxd4 5.Nxd4 b6 6.Ndb5 Bc5 7.Bf4 O-O 8.Bd6 Bxd6
9.Nxd6 Ne8 10.e4 Nxd6 11.Qxd6 Bb7 12.O-O-O Qf6 13.f3 Rc8 14.Kb1 Ba6 15.Nb5 Rc6
16.Qg3 Qg6 17.Qxg6 hxg6 18.Be2 Bb7 19.Nd6 Rc7 20.Ne8 Rc8 21.Nd6 Rc7 22.h4 Kf8
23.h5 gxh5 24.Rxh5 Ke7 25.Rh7 Nc6 26.Rxg7 Rf8 27.f4 e5 28.Bh5 Nd4 29.Nxb7 Rxb7
30.fxe5 Ne6 31.Rg3 Rh8 32.Bf3 Rc7 33.b3 Rc5 34.Rd5 Nf4 35.Rxc5 bxc5 36.Rg5 Rh1+
37.Kc2 Ne6 38.Rh5 Nd4+ 39.Kb2 Rf1 40.Rh3 Rf2+ 41.Kb1  1/2-1/2

[Event "29th Open"]
[Site "Cappelle la Grande FRA"]
[Date "2013.02.25"]
[Round "4.61"]
[White "Nikcevic,N"]
[Black "Vrublevskaya,O"]
[Result "1/2-1/2"]
[WhiteElo "2452"]
[BlackElo "2132"]

1.c4 c5 2.Nf3 Nf6 3.Nc3 d5 4.cxd5 Nxd5 5.e3 Nxc3 6.bxc3 g6 7.Bb5+ Bd7 8.Qb3 Qc7
9.c4 Bg7 10.Bb2 O-O 11.Bxg7 Kxg7 12.Qc3+ Kg8 13.O-O Nc6 14.d4 cxd4 15.exd4 Rfd8
16.Rfe1 Qd6 17.h3 Qf6 18.Qa3 e6 19.Rad1 Qf4 20.Qb2 Rac8 21.Rc1 a6 22.Bxc6 Bxc6
23.Re3 Rc7 24.d5 exd5 25.cxd5 Bd7 26.Rd1 Qd6 27.Rd4 Bf5 28.Rd2 b5 29.Re1 Rc5
30.Red1 Re8 31.Nd4 Bd7 32.Nc2 Bf5 33.Qa3 Re4  1/2-1/2

[Event "29th Open"]
[Site "Cappelle la Grande FRA"]
[Date "2013.02.26"]
[Round "5.56"]
[White "Solomon,K"]
[Black "Bernard,Ch1"]
[Result "1-0"]
[WhiteElo "2423"]
[BlackElo "2250"]

1.Nf3 Nf6 2.c4 g6 3.Nc3 c5 4.g3 Bg7 5.Bg2 O-O 6.O-O Nc6 7.d3 Rb8 8.Bf4 d6
9.Qd2 a6 10.Bh6 b5 11.Bxg7 Kxg7 12.b3 Bd7 13.Rfd1 h6 14.Rac1 e5 15.e3 Re8
16.Ne1 Qc8 17.Nc2 Bg4 18.Re1 Bh3 19.Bh1 Bf5 20.Nd5 Nh7 21.f4 exf4 22.gxf4 Bh3
23.Bf3 Bg4 24.Bg2 Ne7 25.Nxe7 Rxe7 26.cxb5 axb5 27.Nb4 Rc7 28.Nd5 Ra7 29.b4 Be6
30.Qc3+ Kg8 31.bxc5 Qxc5 32.Qb2 Qa3 33.Ne7+ Kf8 34.Qh8+ Kxe7 35.Qxb8 Nf6
36.Rc7+ Rxc7 37.Qxc7+ Nd7 38.Qc2 Nc5 39.Bf1 b4 40.d4 Nd7 41.Bc4 d5 42.Bd3 Nb6
43.f5 gxf5 44.Qc5+ Kf6 45.Qxb6 Qxd3 46.Qxb4 f4 47.Qb1 Qd2 48.Qd1 Qxa2 49.Qf3 Bf5
50.Qxf4 Qc2 51.Rf1 Kg6 52.Qd6+ Be6 53.Qe5 Qe2 54.Qg3+ Kh7 55.Re1 Qc2 56.Qg2 Qd3
57.Qe2 Qb5 58.Qc2+ Kg7 59.Rb1 Qd7 60.Qg2+ Kh7 61.Rb8 f6 62.Qc2+ Kg7 63.Qc5 Qf7
64.Kf2 Qh5 65.Qf8+ Kg6 66.Qd6 Qf5+ 67.Ke1 Qe4 68.Qg3+ Bg4 69.Kd2 Kh5 70.Qf2 Bf5
71.Qe2+ Kg6 72.Rb2 h5 73.Kc3 Kh6 74.Rb6 Kg7 75.Rb2 Kh6 76.Kd2 Kg6 77.Kc3 Kh6
78.Kb3 Qe8 79.Kc3 Qe7 80.Kd2 Qe4 81.Ke1 Bg4 82.Qf2 Kg6 83.Qc2 Bf5 84.Qg2+ Kh6
85.Qxe4 Bxe4 86.h4 Kg6 87.Rf2 Bb1 88.Kd2 Be4 89.Kc3 Kf7 90.Kb4 Ke6 91.Kc5 Bh1
92.Rf4 Bg2 93.Kc6 f5 94.Rf2 Be4 95.Kc5 Bh1 96.Rf4 Be4 97.Rf2 Bh1 98.Rf1 Be4
99.Rg1  1-0

[Event "29th Open"]
[Site "Cappelle la Grande FRA"]
[Date "2013.02.27"]
[Round "6.58"]
[White "Jeanne,M"]
[Black "Mateo,Ra"]
[Result "0-1"]
[WhiteElo "2206"]
[BlackElo "2427"]

1.Nf3 Nf6 2.c4 e6 3.Nc3 c5 4.g3 Nc6 5.Bg2 Be7 6.O-O a6 7.d4 cxd4 8.Nxd4 Qc7
9.b3 d6 10.Bb2 Bd7 11.Rc1 Qa5 12.Qd2 Rc8 13.Rfd1 Nxd4 14.Qxd4 Bc6 15.e4 O-O
16.a3 Qh5 17.h3 b5 18.Na2 Qg6 19.Re1 bxc4 20.Rxc4 d5 21.exd5 Bxd5 22.Bxd5 Nxd5
23.Rec1 Bf6 24.Qd2 Bg5 25.f4 Bxf4 26.Rxf4 Qxg3+ 27.Qg2 Qxg2+  0-1

[Event "20th Bunratty Classic"]
[Site "Bunratty IRL"]
[Date "2013.03.01"]
[Round "4.1"]
[White "Daly,C"]
[Black "Rombaldoni,D"]
[Result "1/2-1/2"]
[WhiteElo "2340"]
[BlackElo "2510"]

1.Nf3 Nf6 2.c4 e6 3.Nc3 c5 4.g3 b6 5.Bg2 Bb7 6.O-O Be7 7.b3 O-O 8.Bb2 d6
9.Rc1 a6 10.d4 cxd4 11.Nxd4 Bxg2 12.Kxg2 Qc7 13.e3 Nbd7 14.Qe2 Rfd8 15.Rfd1 Bf8
16.h3 Rac8 17.Rd2 Qb7+ 18.Qf3 d5 19.cxd5 Ne5 20.Qe2 Bb4 21.Nf3 Nxd5 22.e4 Nxc3
23.Rxd8+ Rxd8 24.Bxc3 Nd3 25.Rd1 Bxc3 26.Rxd3 Rc8 27.Qd1 h6 28.Rd8+ Rxd8
29.Qxd8+ Kh7 30.Qd3 Bb4 31.Qc4 Bd6 32.Qd3 Bc5 33.Kf1 a5 34.a4 Qc7 35.Ke2 Kg8
36.Qc4 Qd8 37.Ne5 Qd6 38.Nd3 Bd4 39.f4 g6 40.g4 Kg7 41.h4 e5 42.fxe5 Bxe5
43.Qd5 Bh2 44.Qxd6 Bxd6 45.e5 Be7 46.h5 gxh5 47.gxh5 f6 48.Kf3 fxe5 49.Nxe5 Kf6
50.Nd7+ Kg5 51.Nxb6 Kxh5 52.Nd5 Bd6 53.Nf6+ Kg6 54.Ne4 Bb4 55.Nf2 Kf5 56.Nd3 Bd6
57.Nb2 h5 58.Nc4 Bc7 59.Ne3+ Ke5 60.Nc4+ Kd4 61.Kg2 Kc3 62.Nxa5 Bxa5  1/2-1/2

[Event "29th Open"]
[Site "Cappelle la Grande FRA"]
[Date "2013.03.01"]
[Round "8.16"]
[White "Vazquez Igarza,R"]
[Black "Danielian,E"]
[Result "1-0"]
[WhiteElo "2565"]
[BlackElo "2466"]

1.c4 Nf6 2.Nf3 e6 3.Nc3 c5 4.g3 b6 5.Bg2 Bb7 6.O-O Be7 7.Re1 Ne4 8.Nxe4 Bxe4
9.d3 Bb7 10.e4 O-O 11.d4 cxd4 12.Nxd4 d6 13.b3 a6 14.a4 Nc6 15.Nxc6 Bxc6
16.Ba3 Qc7 17.Bb4 Rfd8 18.Ra2 Rd7 19.Rd2 Rad8 20.Qb1 Qb7 21.h4 Bf8 22.Kh2 h6
23.Bh3 Be7 24.Bg2 Bf8 25.Bh1 Qa8 26.Red1 Qb7 27.Rd4 Qa8 28.Qc2 Qb7 29.Qe2 Qa8
30.Qe1 Qb7 31.Bg2 Qa8 32.Qh1 Qc8 33.R1d2 Qc7 34.Qd1 b5 35.cxb5 axb5 36.a5 Ba8
37.R4d3 Qa7 38.Qa1 Rc8 39.Qa3 Bb7 40.Qa1 Qa8 41.Qe1 Rdc7 42.Rd1 f5 43.Bxd6 Rf7
44.Bxf8 Rcxf8 45.Rd7 fxe4 46.Rxf7 Rxf7 47.b4 Bd5 48.Rc1 Qb8 49.Kg1 Qe5 50.Qc3 Qf5
51.Qd4 Rd7 52.a6 Qf6 53.Qxf6 gxf6 54.Bf1 e3 55.Bxb5 Rg7 56.Be2 f5 57.b5 f4
58.Rc8+ Kf7 59.Rc7+ Kf6 60.Rxg7 f3 61.Rc7 fxe2 62.Rc1 e5 63.fxe3  1-0

[Event "TCh-SVK Extraliga 2012-13"]
[Site "Slovakia SVK"]
[Date "2013.03.01"]
[Round "9.6"]
[White "Najgebauer,S"]
[Black "Pejko,O"]
[Result "1-0"]
[WhiteElo "2187"]
[BlackElo "2108"]

1.Nf3 Nf6 2.c4 c5 3.Nc3 d5 4.cxd5 Nxd5 5.g3 Nc7 6.d4 cxd4 7.Qxd4 Nc6 8.Qxd8+ Nxd8
9.Bg2 f6 10.O-O e5 11.Be3 Bd7 12.Rfd1 Bc6 13.Nd2 Bxg2 14.Kxg2 Nc6 15.Nc4 Be7
16.Ne4 Nb5 17.Rac1 Rd8 18.Rxd8+ Kxd8 19.a4 Nbd4 20.Ncd6 Bxd6 21.Nxd6 Kd7
22.Nxb7 Nxe2 23.Nc5+ Kd6 24.Ne4+ Kc7 25.Rc4 Kd7 26.b4 Ned4 27.b5 Na5 28.Rc3 Nab3
29.Nc5+ Nxc5 30.Rxc5 Nf5 31.Bd2 Rc8 32.Bb4 Rb8 33.Rc6 Nd4 34.Ra6 Rb7 35.Bc5 Ne6
36.Bxa7 Nc7 37.Ra5 Nd5 38.Bc5 Nc3 39.Ra6 Rc7 40.Be3 Rc4 41.Ra7+ Kc8 42.Rxg7 Rxa4
43.b6 Nd5 44.Bc5 Ra6 45.b7+ Kb8 46.Rd7 Nc7 47.Bd6 Rc6 48.Rxc7 Rxc7 49.Kf3  1-0

[Event "3rd Ferdynand Dziedzica Mem"]
[Site "Trzcianka POL"]
[Date "2013.03.03"]
[Round "5.1"]
[White "Cyborowski,L"]
[Black "Krasenkow,M"]
[Result "1-0"]
[WhiteElo "2524"]
[BlackElo "2643"]

1.Nf3 Nf6 2.c4 c5 3.Nc3 d5 4.cxd5 Nxd5 5.g3 g6 6.Bg2 Bg7 7.O-O O-O 8.Nxd5 Qxd5
9.d3 Qd6 10.Bf4 e5 11.Be3 Nc6 12.Ng5 b6 13.Qa4 Bd7 14.Qh4 h5 15.Ne4 Qe6 16.a3 Rac8
17.b4 Nd4 18.bxc5 Nf5 19.Qg5 f6 20.Qxg6 Be8 21.Ng5 Bxg6 22.Nxe6 Rfe8 23.Nxg7 Kxg7
24.cxb6 Nxe3 25.b7 Rb8 26.fxe3 e4 27.dxe4 Bxe4 28.Bxe4 Rxe4 29.Rab1 Rxe3
30.Rfc1 Re7 31.Rc5 Kg6 32.Rcb5 Rxe2 33.Ra5 h4 34.gxh4 Kh6 35.Rxa7 Re7 36.a4 Kh5
37.a5 Kxh4 38.Rb3 f5 39.Kf2 Kg4 40.a6 Ree8 41.Ra3 Rbd8 42.Ra2 Kf4 43.Ra8 Rxa8
44.bxa8=Q Rxa8 45.a7 Ke4 46.Ra4+ Ke5 47.Kf3 Kd5 48.Kf4 Kc6 49.h4 Kb7 50.h5  1-0

[Event "29th ChessOrg Open"]
[Site "Bad Woerishofen GER"]
[Date "2013.03.07"]
[Round "7.81"]
[White "Taufratshofer,M"]
[Black "Pienabarca,N"]
[Result "1/2-1/2"]
[WhiteElo "1977"]
[BlackElo "2120"]

1.Nf3 Nf6 2.c4 c5 3.Nc3 d5 4.cxd5 Nxd5 5.g3 Nc6 6.Bg2 Nc7 7.O-O e5 8.d3 Be7
9.b3 O-O 10.Bb2 Be6 11.Rc1 f6 12.Nd2 Qd7 13.Qc2 Rac8 14.Qb1 Nd4 15.Bxb7  1/2-1/2

[Event "TCh-CAT Div Hon 2013"]
[Site "Catalonia ESP"]
[Date "2013.03.09"]
[Round "8.7"]
[White "Bautista Sanchez,J"]
[Black "Colls Gelaberto,E"]
[Result "0-1"]
[WhiteElo "2205"]
[BlackElo "2122"]

1.Nf3 Nf6 2.c4 c5 3.Nc3 d5 4.cxd5 Nxd5 5.d3 Nc6 6.g3 e5 7.Bg2 Nc7 8.O-O Be7
9.Nd2 O-O 10.Nc4 f6 11.f4 exf4 12.Bxf4 Be6 13.Qa4 Nd5 14.Bd2 Qd7 15.Nxd5 Bxd5
16.Bxd5+ Qxd5 17.Ne3 Qd4 18.Qb3+ Kh8 19.Qxb7 Rfc8 20.Rf4 Qd8 21.Nc4 Nd4 22.Re4 Rc7
23.Qa6 f5 24.Re5 Bf6 25.Ba5 Bxe5 26.Nxe5 Qe7 27.Bxc7 Qxc7 28.Qd6 Qxd6 29.Nf7+ Kg8
30.Nxd6 Nxe2+ 31.Kf2 Nd4 32.Re1 Rd8 33.Nb7 Rb8 34.Re7 Kf8 35.Rd7 Ne6 36.Ke3 Ke8
37.Nxc5 Nxc5 38.Rxg7 Rxb2 39.Rxh7 Rxa2 40.d4 Ne6 41.d5 Ra3+ 42.Kf2 Ng5 43.Rb7 a5
44.d6 Ne4+ 45.Kg2 Nxd6 46.Ra7 a4 47.h4 Ne4 48.h5 Rxg3+ 49.Kh2 Rg5 50.Rxa4 Rxh5+
51.Kg2 Kf7 52.Ra6 Nf6 53.Kf3 Kg6 54.Ra7 Rh7 55.Ra1 Kg5 56.Ra8 Rh3+ 57.Kg2 Rb3
58.Ra4 Ne4 59.Ra8 Kg4 60.Rg8+ Ng5 61.Ra8 Rb2+ 62.Kh1 f4  0-1

[Event "131st Varsity Match"]
[Site "London ENG"]
[Date "2013.03.09"]
[Round "1.6"]
[White "Scibior,A"]
[Black "Chiu,H"]
[Result "0-1"]
[WhiteElo "2229"]
[BlackElo "2048"]

1.Nf3 Nf6 2.c4 e6 3.Nc3 c5 4.d4 cxd4 5.Nxd4 a6 6.g3 Qc7 7.Qa4 Nc6 8.Nc2 Be7
9.Bg2 O-O 10.O-O d6 11.Ne3 Bd7 12.Qc2 Ne5 13.b3 Rac8 14.Ba3 b5 15.Ne4 Nxe4
16.Bxe4 f5 17.Bg2 f4 18.gxf4 Rxf4 19.Qd2 Rh4 20.Rfd1 Nf7 21.Rac1 Qa7 22.cxb5 Rxc1
23.Qxc1 axb5 24.Bb2 b4 25.Qa1 Bg5 26.Nc4 Bf4 27.h3 d5 28.Ne5 Ng5 29.e3 Bxe3
30.Nxd7 Bxf2+ 31.Kf1 Rf4 32.Be5 Qa6+  0-1

[Event "Blackpool Congress 2013"]
[Site "Blackpool ENG"]
[Date "2013.03.10"]
[Round "5.9"]
[White "Hamer,M"]
[Black "Horton,Jamie A"]
[Result "1/2-1/2"]
[WhiteElo "2030"]
[BlackElo "1988"]

1.Nf3 Nf6 2.c4 c5 3.Nc3 g6 4.d4 cxd4 5.Nxd4 Nc6 6.e4 d6 7.Be2 Bg7 8.Be3 O-O
9.O-O Nxd4 10.Bxd4 Be6 11.f3 a5 12.Rc1 Nd7 13.Nd5 Bxd5 14.cxd5 Rc8 15.Bxg7 Kxg7
16.Qd4+ Kg8 17.Qe3 Rc5 18.Rxc5 Nxc5 19.b3 Qb6 20.Rc1 Qb4 21.Qc3 Qb6 22.Qe3 Ra8
23.Bc4 Rb8 24.Kf2 Qb4 25.a4 Rc8 26.Bb5 Kg7 27.Ke2 h6 28.Qc3+ Qxc3 29.Rxc3 Kf6
30.Ke3 g5 31.Kd4 Rc7 32.g3  1/2-1/2

[Event "Karpos Open 2013"]
[Site "Skopje MKD"]
[Date "2013.03.10"]
[Round "3.15"]
[White "Arnaudov,G"]
[Black "Damljanovic,B"]
[Result "1-0"]
[WhiteElo "2468"]
[BlackElo "2562"]

1.Nf3 c5 2.c4 Nf6 3.Nc3 e6 4.g3 b6 5.Bg2 Bb7 6.O-O a6 7.b3 d6 8.Bb2 Nbd7
9.d4 cxd4 10.Nxd4 Bxg2 11.Kxg2 Rc8 12.e3 h5 13.f4 Be7 14.Qf3 Qc7 15.h3 Rg8
16.Ne4 g6 17.Nxf6+ Bxf6 18.Rad1 Bg7 19.Rd2 Nc5 20.Ba3 Bf8 21.Rfd1 Be7 22.b4 Na4
23.b5 g5 24.fxg5 Rxg5 25.bxa6 Qxc4 26.a7 Qd5 27.Nc6 Qxf3+ 28.Kxf3 Nc5 29.Nb8  1-0